[Event "España tch DH-2 2009"]
[Site "Montcada i Reixac ESP"]
[Date "2009.09.16"]
[Round "1.11"]
[White "Laznicka, Viktor"]
[Black "Fier, Alexandr"]
[Result "1-0"]
[WhiteElo "2634"]
[BlackElo "2644"]
[PlyCount "99"]
[EventDate "2009.09.16"]
[EventType "team"]
[EventRounds "5"]
[EventCountry "ESP"]
[Source "lmi"]
[SourceDate "2009.09.16"]
[WhiteTeam "U.E. Montcada"]
[BlackTeam "SCC Sabadell"]
[WhiteTeamCountry "ESP"]
[BlackTeamCountry "ESP"]

1. d4 Nf6 2. c4 e6 3. g3 d5 4. Nf3 Bb4+ 5. Bd2 Be7 6. Bg2 O-O 7. O-O c6 8. Qc2
b6 9. Rd1 Ba6 10. b3 Nbd7 11. a4 c5 12. Na3 Ne4 13. Be1 Bf6 14. Rac1 Bb7 15. b4
Rc8 16. Qb1 cxb4 17. Bxb4 Re8 18. Nd2 Nxd2 19. Rxd2 a5 20. Bd6 Bg5 21. f4 Be7
22. Nb5 Nf6 23. c5 bxc5 24. dxc5 Ba6 25. Na7 Bxd6 26. Nxc8 Bxc8 27. cxd6 Qxd6
28. Qb2 Bd7 29. e4 Rb8 30. Qe5 Qb6+ 31. Qd4 dxe4 32. Bxe4 Qa6 33. Bd3 Qa8 34.
Rc7 Rb4 35. Qa7 Qf3 36. Rxd7 Nxd7 37. Qxd7 Qe3+ 38. Rf2 g6 39. Qd8+ Kg7 40. Bc2
Qc5 41. Qd3 h5 42. Kg2 Rc4 43. Qe2 Qc6+ 44. Kh3 Kh7 45. Qxh5+ Kg8 46. Bxg6 fxg6
47. Qxg6+ Kh8 48. Rd2 Qc7 49. Qh6+ Kg8 50. Qxe6+ 1-0

[Event "España tch DH-2 2009"]
[Site "Montcada i Reixac ESP"]
[Date "2009.09.16"]
[Round "1.12"]
[White "Flores, Diego"]
[Black "Markos, Jan"]
[Result "1/2-1/2"]
[WhiteElo "2607"]
[BlackElo "2565"]
[PlyCount "92"]
[EventDate "2009.09.16"]
[EventType "team"]
[EventRounds "5"]
[EventCountry "ESP"]
[Source "lmi"]
[SourceDate "2009.09.16"]
[WhiteTeam "SCC Sabadell"]
[BlackTeam "U.E. Montcada"]
[WhiteTeamCountry "ESP"]
[BlackTeamCountry "ESP"]

1. c4 e5 2. Nc3 Nc6 3. g3 g6 4. Bg2 Bg7 5. e3 d6 6. Nge2 h5 7. d4 h4 8. d5 Nce7
9. e4 f5 10. f4 Nf6 11. fxe5 dxe5 12. Bg5 h3 13. Bf3 O-O 14. O-O Nh7 15. Be3 g5
16. exf5 Nxf5 17. Bc5 Nd6 18. Qd3 g4 19. Bh1 b6 20. Rxf8+ Nxf8 21. Be3 Bf5 22.
Ne4 Qe8 23. N2c3 Qg6 24. Re1 Nd7 25. Bf2 Rf8 26. b4 a5 27. bxa5 Nc5 28. Bxc5
bxc5 29. Qe2 Ra8 30. Nxd6 cxd6 31. Be4 Rxa5 32. Bxf5 Qxf5 33. Ne4 Qg6 34. Nf2
e4 35. Nxe4 Bd4+ 36. Kh1 Ra3 37. Qd2 Qf5 38. Qf4 Qxf4 39. gxf4 Rxa2 40. Nxd6
Be3 41. Ne4 Bxf4 42. Nf6+ Kf7 43. Nxg4 Rc2 44. Rf1 Kg6 45. Nf2 Be5 46. Nd3
Rxh2+ 1/2-1/2

[Event "España tch DH-2 2009"]
[Site "Montcada i Reixac ESP"]
[Date "2009.09.16"]
[Round "1.13"]
[White "Del Rio De Angelis, Salvador G"]
[Black "Magem Badals, Jordi"]
[Result "1/2-1/2"]
[WhiteElo "2559"]
[BlackElo "2553"]
[PlyCount "50"]
[EventDate "2009.09.16"]
[EventType "team"]
[EventRounds "5"]
[EventCountry "ESP"]
[Source "lmi"]
[SourceDate "2009.09.16"]
[WhiteTeam "U.E. Montcada"]
[BlackTeam "SCC Sabadell"]
[WhiteTeamCountry "ESP"]
[BlackTeamCountry "ESP"]

1. d4 d5 2. c4 c6 3. Nf3 Nf6 4. Nc3 e6 5. e3 Nbd7 6. Qc2 b6 7. Be2 Bb7 8. O-O
dxc4 9. Bxc4 c5 10. Qe2 a6 11. a4 Bd6 12. Rd1 O-O 13. b3 cxd4 14. exd4 Qb8 15.
h3 Re8 16. Be3 Nd5 17. Nxd5 Bxd5 18. Bxd5 exd5 19. Qd3 Qb7 20. Rac1 Rac8 21.
Qf5 Nf6 22. Bf4 Ba3 23. Rxc8 Qxc8 24. Qxc8 Rxc8 25. Ra1 Bb4 1/2-1/2

[Event "España tch DH-2 2009"]
[Site "Montcada i Reixac ESP"]
[Date "2009.09.16"]
[Round "1.14"]
[White "Almeida Quintana, Omar"]
[Black "Cuartas, Jaime Alexander"]
[Result "1-0"]
[WhiteElo "2513"]
[BlackElo "2543"]
[PlyCount "103"]
[EventDate "2009.09.16"]
[EventType "team"]
[EventRounds "5"]
[EventCountry "ESP"]
[Source "lmi"]
[SourceDate "2009.09.16"]
[WhiteTeam "SCC Sabadell"]
[BlackTeam "U.E. Montcada"]
[WhiteTeamCountry "ESP"]
[BlackTeamCountry "ESP"]

1. d4 d5 2. c4 c6 3. Nf3 Nf6 4. Nc3 e6 5. Bg5 Nbd7 6. cxd5 exd5 7. e3 Be7 8.
Qc2 Nh5 9. h4 h6 10. Bf4 Nxf4 11. exf4 Nf6 12. Ne5 Bb4 13. Bd3 O-O 14. O-O-O
Qa5 15. a3 Bxc3 16. Qxc3 Qxc3+ 17. bxc3 Rd8 18. h5 Nd7 19. f3 Nf8 20. g4 Ne6
21. f5 Nf4 22. Kd2 f6 23. Ng6 Nxd3 24. Kxd3 Re8 25. Rhe1 Bd7 26. c4 dxc4+ 27.
Kxc4 b6 28. Re4 Red8 29. Rde1 Be8 30. Re7 Bf7+ 31. Kc3 Re8 32. R1e4 Rxe7 33.
Rxe7 c5 34. dxc5 bxc5 35. Rc7 c4 36. Nf4 Re8 37. Rxa7 Re3+ 38. Kd4 Rxf3 39.
Ra8+ Kh7 40. Ne6 Bg8 41. Kxc4 Rf4+ 42. Kc5 Rxg4 43. a4 Rg1 44. Kd6 Rb1 45. a5
Rd1+ 46. Ke7 Rd5 47. Nf8+ Kh8 48. Ng6+ Kh7 49. Kf8 Rc5 50. a6 Bd5 51. Rd8 Be4
52. Ke7 1-0

[Event "España tch DH-2 2009"]
[Site "Montcada i Reixac ESP"]
[Date "2009.09.16"]
[Round "1.15"]
[White "Narciso Dublan, Marc"]
[Black "Cruz, Christian"]
[Result "1-0"]
[WhiteElo "2533"]
[BlackElo "2531"]
[PlyCount "91"]
[EventDate "2009.09.16"]
[EventType "team"]
[EventRounds "5"]
[EventCountry "ESP"]
[Source "lmi"]
[SourceDate "2009.09.16"]
[WhiteTeam "U.E. Montcada"]
[BlackTeam "SCC Sabadell"]
[WhiteTeamCountry "ESP"]
[BlackTeamCountry "ESP"]

1. c4 c5 2. g3 g6 3. Bg2 Bg7 4. Nc3 Nc6 5. Nf3 e5 6. O-O d6 7. a3 a5 8. Ne1 h5
9. Nc2 h4 10. d3 Nge7 11. Rb1 hxg3 12. fxg3 Be6 13. Nd5 Bxd5 14. cxd5 Nd4 15.
Nxd4 cxd4 16. Qa4+ Kf8 17. b4 Bh6 18. Bxh6+ Rxh6 19. bxa5 Rxa5 20. Qb4 b5 21.
Qd2 Rh7 22. Qg5 Ke8 23. g4 Qa8 24. Rfc1 Rxa3 25. Rc7 Qd8 26. Rb7 Nc8 27. Qxd8+
Kxd8 28. Be4 Ra7 29. R1xb5 Rxb7 30. Rxb7 Ne7 31. Rb8+ Kd7 32. Rb7+ Kd8 33. Rb8+
Kd7 34. Rf8 Rh4 35. Rxf7 Rxg4+ 36. Kf2 Rh4 37. Kg3 Rh6 38. h4 Ke8 39. Rf6 Kd7
40. Kg4 Kc7 41. Rf7 Kd8 42. Kg5 Rh8 43. Kf6 Nf5 44. Bxf5 gxf5 45. Kg5 f4 46. h5
1-0

[Event "España tch DH-2 2009"]
[Site "Montcada i Reixac ESP"]
[Date "2009.09.16"]
[Round "1.16"]
[White "Rodriguez Cespedes, Amador"]
[Black "Comas Fabrego, Lluis"]
[Result "1/2-1/2"]
[WhiteElo "2453"]
[BlackElo "2519"]
[PlyCount "84"]
[EventDate "2009.09.16"]
[EventType "team"]
[EventRounds "5"]
[EventCountry "ESP"]
[Source "lmi"]
[SourceDate "2009.09.16"]
[WhiteTeam "SCC Sabadell"]
[BlackTeam "U.E. Montcada"]
[WhiteTeamCountry "ESP"]
[BlackTeamCountry "ESP"]

1. Nf3 Nf6 2. g3 g6 3. Bg2 Bg7 4. c4 O-O 5. O-O d6 6. d4 Nbd7 7. Nc3 e5 8. e4
exd4 9. Nxd4 a6 10. h3 Rb8 11. Be3 Re8 12. Qc2 Ne5 13. b3 c5 14. Nde2 b5 15.
Rad1 Qb6 16. cxb5 axb5 17. Nf4 b4 18. Ncd5 Nxd5 19. Nxd5 Qd8 20. f4 Nc6 21. e5
Nd4 22. Bxd4 cxd4 23. Qc7 Ba6 24. Rfe1 dxe5 25. Qxd8 Rexd8 26. fxe5 Bb7 27.
Rxd4 Bxd5 28. Rxd5 Rxd5 29. Bxd5 Re8 30. e6 Bd4+ 31. Kg2 fxe6 32. Bxe6+ Kg7 33.
Rd1 Bc5 34. Rd7+ Be7 35. Bc4 Kf6 36. Kf3 Rd8 37. Rb7 Rd2 38. g4 g5 39. Rb6+ Kg7
40. Rb7 Kf8 41. Rb8+ Kg7 42. Rb7 Kf8 1/2-1/2

[Event "España tch DH-2 2009"]
[Site "Montcada i Reixac ESP"]
[Date "2009.09.16"]
[Round "1.21"]
[White "Malakhov, Vladimir"]
[Black "Harikrishna, P."]
[Result "1/2-1/2"]
[WhiteElo "2715"]
[BlackElo "2673"]
[PlyCount "102"]
[EventDate "2009.09.16"]
[EventType "team"]
[EventRounds "5"]
[EventCountry "ESP"]
[Source "lmi"]
[SourceDate "2009.09.16"]
[WhiteTeam "Reverte Albox-Ual"]
[BlackTeam "C.A. Solvay"]
[WhiteTeamCountry "ESP"]
[BlackTeamCountry "ESP"]

1. Nf3 Nf6 2. c4 c6 3. d4 d5 4. e3 Bg4 5. h3 Bxf3 6. Qxf3 e6 7. Nc3 Nbd7 8. Bd3
Bb4 9. a3 Bxc3+ 10. bxc3 O-O 11. O-O Qa5 12. Bd2 e5 13. cxd5 cxd5 14. Qe2 Qc7
15. Rfc1 e4 16. Bb5 a6 17. Bxd7 Qxd7 18. c4 dxc4 19. Rxc4 Rfc8 20. Rac1 Rxc4
21. Qxc4 Nd5 22. a4 h6 23. Qb3 b6 24. Qc2 Re8 25. Qc6 Qxc6 26. Rxc6 Rb8 27. Rd6
Nf6 28. d5 Kf8 29. g4 a5 30. Bc3 Ke7 31. Rc6 Ne8 32. Bd4 b5 33. Ra6 b4 34. Rxa5
b3 35. Bb2 Nd6 36. Rc5 Rb4 37. Rc7+ Kd8 38. Rc1 Rxa4 39. Bxg7 Nc4 40. Kg2 Ke7
41. Bd4 Kd6 42. h4 Kxd5 43. h5 b2 44. Rb1 Ke6 45. Kg3 f6 46. Kf4 Rb4 47. Kg3
Rb3 48. Kf4 Rb5 49. Bc3 Rb3 50. Bd4 Rb5 51. Bc3 Rb3 1/2-1/2

[Event "España tch DH-2 2009"]
[Site "Montcada i Reixac ESP"]
[Date "2009.09.16"]
[Round "1.22"]
[White "Ganguly, Surya Shekhar"]
[Black "Dreev, Alexey"]
[Result "1-0"]
[WhiteElo "2634"]
[BlackElo "2662"]
[PlyCount "53"]
[EventDate "2009.09.16"]
[EventType "team"]
[EventRounds "5"]
[EventCountry "ESP"]
[Source "lmi"]
[SourceDate "2009.09.16"]
[WhiteTeam "C.A. Solvay"]
[BlackTeam "Reverte Albox-Ual"]
[WhiteTeamCountry "ESP"]
[BlackTeamCountry "ESP"]

1. e4 c5 2. Nf3 d6 3. d4 cxd4 4. Nxd4 Nf6 5. Nc3 Nc6 6. Bg5 e6 7. Qd2 a6 8.
O-O-O Be7 9. f4 Nxd4 10. Qxd4 b5 11. Bxf6 gxf6 12. e5 d5 13. Be2 Qc7 14. Nxd5
exd5 15. exf6 Bd6 16. Qxd5 Bxf4+ 17. Kb1 O-O 18. Bd3 Qb7 19. Qh5 h6 20. Rhf1
Qb8 21. Qf3 Re8 22. Qxf4 Qxf4 23. Rxf4 h5 24. Be4 Ra7 25. Rd5 Rd7 26. Rg5+ Kf8
27. b3 1-0

[Event "España tch DH-2 2009"]
[Site "Montcada i Reixac ESP"]
[Date "2009.09.16"]
[Round "1.23"]
[White "Matlakov, Maxim"]
[Black "Negi, Parimarjan"]
[Result "1/2-1/2"]
[WhiteElo "2574"]
[BlackElo "2615"]
[PlyCount "33"]
[EventDate "2009.09.16"]
[EventType "team"]
[EventRounds "5"]
[EventCountry "ESP"]
[Source "lmi"]
[SourceDate "2009.09.16"]
[WhiteTeam "Reverte Albox-Ual"]
[BlackTeam "C.A. Solvay"]
[WhiteTeamCountry "ESP"]
[BlackTeamCountry "ESP"]

1. d4 d5 2. c4 c6 3. Nf3 Nf6 4. e3 g6 5. Nc3 Bg7 6. Be2 O-O 7. O-O a6 8. a4 a5
9. Qb3 Na6 10. cxd5 cxd5 11. Bd2 Nb4 12. Rfc1 Bf5 13. Na2 Nxa2 14. Rxa2 b6 15.
Raa1 Qd6 16. Be1 Ne4 17. Rc2 1/2-1/2

[Event "España tch DH-2 2009"]
[Site "Montcada i Reixac ESP"]
[Date "2009.09.16"]
[Round "1.24"]
[White "Berg, Emanuel"]
[Black "Rivas Pastor, Manuel"]
[Result "0-1"]
[WhiteElo "2616"]
[BlackElo "2529"]
[PlyCount "150"]
[EventDate "2009.09.16"]
[EventType "team"]
[EventRounds "5"]
[EventCountry "ESP"]
[Source "lmi"]
[SourceDate "2009.09.16"]
[WhiteTeam "C.A. Solvay"]
[BlackTeam "Reverte Albox-Ual"]
[WhiteTeamCountry "ESP"]
[BlackTeamCountry "ESP"]

1. e4 e6 2. d4 d5 3. Nc3 Nf6 4. e5 Nfd7 5. f4 c5 6. Nf3 Nc6 7. Be3 Rb8 8. Qd2
Qa5 9. dxc5 Bxc5 10. Bxc5 Nxc5 11. Nb5 Qxd2+ 12. Kxd2 Ke7 13. Bd3 Bd7 14. Nbd4
f6 15. Nxc6+ bxc6 16. b3 a5 17. Rae1 f5 18. Nd4 Ne4+ 19. Bxe4 fxe4 20. f5 c5
21. Nxe6 Bxe6 22. fxe6 Kxe6 23. c4 dxc4 24. Rxe4 cxb3 25. axb3 Rxb3 26. Ra1
Rd8+ 27. Kc2 Rb4 28. Re3 a4 29. Rc3 Rf8 30. Rxc5 Rf2+ 31. Kd3 Rxg2 32. Ra5 Rxh2
33. Re1 Rb3+ 34. Kd4 Rd2+ 35. Kc4 Rc2+ 36. Kd4 Rb4+ 37. Kd3 Rc6 38. Rg1 Rc7 39.
Ke3 Rb3+ 40. Kd4 Rd7+ 41. Ke4 Rb4+ 42. Ke3 g6 43. Rg5 Rdb7 44. Ra6+ R7b6 45.
Ra7 Rh4 46. Kd2 Rb2+ 47. Kc1 Rf2 48. Ra6+ Ke7 49. Ra7+ Kf8 50. Rg1 Rc4+ 51. Kd1
Rd4+ 52. Ke1 Rf7 53. Ra5 Rfd7 54. Kf2 R4d5 55. Ra8+ Rd8 56. Ra7 Rxe5 57. Rxh7
Kg8 58. Ra7 Rf8+ 59. Kg2 Rg5+ 60. Kh1 Rxg1+ 61. Kxg1 Rf4 62. Kg2 Kf8 63. Kg3
Rb4 64. Ra8+ Kg7 65. Ra7+ Kh6 66. Ra6 Kh5 67. Ra8 Rb3+ 68. Kf4 g5+ 69. Kf5 Rf3+
70. Ke4 Rf4+ 71. Ke3 Kg4 72. Ra5 Rb4 73. Ra8 Kg3 74. Ra5 g4 75. Ra8 Rb3+ 0-1

[Event "España tch DH-2 2009"]
[Site "Montcada i Reixac ESP"]
[Date "2009.09.16"]
[Round "1.25"]
[White "Rodriguez Guerrero, Enrique"]
[Black "Ubilava, Elizbar"]
[Result "0-1"]
[WhiteElo "2468"]
[BlackElo "2534"]
[PlyCount "53"]
[EventDate "2009.09.16"]
[EventType "team"]
[EventRounds "5"]
[EventCountry "ESP"]
[Source "lmi"]
[SourceDate "2009.09.16"]
[WhiteTeam "Reverte Albox-Ual"]
[BlackTeam "C.A. Solvay"]
[WhiteTeamCountry "ESP"]
[BlackTeamCountry "ESP"]

1. e4 c5 2. Nf3 e6 3. d4 cxd4 4. Nxd4 Nc6 5. Nc3 Qc7 6. Be2 a6 7. O-O Nf6 8.
Kh1 Nxd4 9. Qxd4 Bc5 10. Qd3 b5 11. Bg5 h6 12. Bh4 Bb7 13. f4 b4 14. e5 bxc3
15. exf6 cxb2 16. fxg7 bxa1=Q 17. Rxa1 Rg8 18. Qh7 Rxg7 19. Qxg7 Bf8 20. Qh7
Qc6 21. Bf3 Qc3 22. Rf1 Bxf3 23. gxf3 Rc8 24. Bg3 Qxc2 25. Qh8 Qd3 26. Rf2 Rc2
27. Rxc2 0-1

[Event "España tch DH-2 2009"]
[Site "Montcada i Reixac ESP"]
[Date "2009.09.16"]
[Round "1.26"]
[White "Ramo Frontinan, Cristobal"]
[Black "Ibarra Jerez, Jose Carlos"]
[Result "1/2-1/2"]
[WhiteElo "2321"]
[BlackElo "2516"]
[PlyCount "82"]
[EventDate "2009.09.16"]
[EventType "team"]
[EventRounds "5"]
[EventCountry "ESP"]
[Source "lmi"]
[SourceDate "2009.09.16"]
[WhiteTeam "C.A. Solvay"]
[BlackTeam "Reverte Albox-Ual"]
[WhiteTeamCountry "ESP"]
[BlackTeamCountry "ESP"]

1. e4 c5 2. Nf3 e6 3. d3 d5 4. Nbd2 Nc6 5. g3 g6 6. Bg2 Bg7 7. O-O Nge7 8. c3
O-O 9. exd5 exd5 10. Nb3 b6 11. d4 c4 12. Nbd2 b5 13. Re1 Bf5 14. Nf1 Qd7 15.
Bf4 f6 16. h4 h6 17. Ne3 Be6 18. Nc2 a5 19. Nh2 Rae8 20. g4 g5 21. Bg3 Ng6 22.
h5 Nf4 23. Bxf4 gxf4 24. Qf3 Qd6 25. Re2 Bf7 26. Rae1 Rxe2 27. Qxe2 Re8 28. Qd2
Rb8 29. a3 b4 30. axb4 axb4 31. Ra1 b3 32. Ne1 f5 33. Bf3 fxg4 34. Bxg4 Rf8 35.
Ng2 Be6 36. Qe2 Bxg4 37. Qxg4 Ne7 38. Nf3 Qf6 39. Re1 Qf5 40. Qxf5 Nxf5 41. Ne5
f3 1/2-1/2

[Event "España tch DH-2 2009"]
[Site "Montcada i Reixac ESP"]
[Date "2009.09.16"]
[Round "1.31"]
[White "Cuenca Jimenez, Jose Fernando"]
[Black "Ponomariov, Ruslan"]
[Result "0-1"]
[WhiteElo "2460"]
[BlackElo "2741"]
[PlyCount "108"]
[EventDate "2009.09.16"]
[EventType "team"]
[EventRounds "5"]
[EventCountry "ESP"]
[Source "lmi"]
[SourceDate "2009.09.16"]
[WhiteTeam "C.A. Jaime Casas"]
[BlackTeam "Linex-Magic"]
[WhiteTeamCountry "ESP"]
[BlackTeamCountry "ESP"]

1. Nf3 e6 2. c4 b6 3. g3 Bb7 4. Bg2 Nf6 5. O-O Be7 6. b3 O-O 7. Bb2 d5 8. e3 c5
9. Nc3 Nc6 10. cxd5 exd5 11. d4 Rc8 12. Ne2 Ba6 13. Re1 c4 14. bxc4 Bxc4 15.
Nc3 b5 16. Nd2 b4 17. Na4 Na5 18. Nb3 Re8 19. Nbc5 Bb5 20. a3 Nc4 21. Ra2 a5
22. axb4 axb4 23. Qb3 Rb8 24. Raa1 Bd6 25. Bc1 Qa5 26. Bb2 Qc7 27. Rec1 Qe7 28.
Rd1 h5 29. Bc1 Bc6 30. Nb2 Bxc5 31. dxc5 Qxc5 32. Nd3 Qb6 33. Nf4 Qb5 34. Bb2
Nxb2 35. Qxb2 h4 36. gxh4 Ne4 37. Rd4 b3 38. h5 Ra8 39. Rb1 Reb8 40. Nxd5 Bxd5
41. Bxe4 Bxe4 42. Rxe4 Ra2 43. Qe5 Qxe5 44. Rxe5 Rc2 45. Rd5 b2 46. Rdd1 Rbc8
47. Rf1 Kh7 48. Kg2 Kh6 49. Rfd1 R8c6 50. Kf3 Rc1 51. Ke2 R6c2+ 52. Kd3 Rxb1
53. Rxb1 Rxf2 54. Kc3 Rxh2 0-1

[Event "España tch DH-2 2009"]
[Site "Montcada i Reixac ESP"]
[Date "2009.09.16"]
[Round "1.32"]
[White "Shirov, Alexei"]
[Black "Antoli Royo, Joaquin Miguel"]
[Result "1-0"]
[WhiteElo "2730"]
[BlackElo "2400"]
[PlyCount "99"]
[EventDate "2009.09.16"]
[EventType "team"]
[EventRounds "5"]
[EventCountry "ESP"]
[Source "lmi"]
[SourceDate "2009.09.16"]
[WhiteTeam "Linex-Magic"]
[BlackTeam "C.A. Jaime Casas"]
[WhiteTeamCountry "ESP"]
[BlackTeamCountry "ESP"]

1. e4 c5 2. Nf3 e6 3. d4 cxd4 4. Nxd4 Nf6 5. Nc3 Nc6 6. Ndb5 Bb4 7. a3 Bxc3+ 8.
Nxc3 d5 9. exd5 exd5 10. Bd3 O-O 11. O-O d4 12. Ne2 Bg4 13. f3 Bh5 14. Nf4 Bg6
15. Nxg6 hxg6 16. f4 Ne7 17. Qf3 Qd5 18. Bd2 Rfe8 19. Rae1 Nf5 20. Re5 Qxf3 21.
gxf3 Nd7 22. Rb5 b6 23. Bxf5 gxf5 24. Rd5 Nc5 25. Rxd4 Rac8 26. Rd5 Na4 27. b3
Nc3 28. Rd3 Nb5 29. a4 Na3 30. c3 Red8 31. Rxd8+ Rxd8 32. Be1 Nc2 33. Bf2 Rd3
34. a5 bxa5 35. Bxa7 Rxc3 36. Rc1 Nd4 37. Rxc3 Ne2+ 38. Kf2 Nxc3 39. Bb6 Nd5
40. Bxa5 Kf8 41. Bd2 Ke7 42. Ke2 Kd6 43. Kd3 Kc5 44. b4+ Nxb4+ 45. Bxb4+ Kxb4
46. Kd4 Kb3 47. h4 Kc2 48. Ke5 Kd3 49. Kxf5 Ke3 50. Kg4 1-0

[Event "España tch DH-2 2009"]
[Site "Montcada i Reixac ESP"]
[Date "2009.09.16"]
[Round "1.33"]
[White "Fontana Sotomayor, Luis Javier"]
[Black "Adams, Michael"]
[Result "0-1"]
[WhiteElo "2373"]
[BlackElo "2682"]
[PlyCount "72"]
[EventDate "2009.09.16"]
[EventType "team"]
[EventRounds "5"]
[EventCountry "ESP"]
[Source "lmi"]
[SourceDate "2009.09.16"]
[WhiteTeam "C.A. Jaime Casas"]
[BlackTeam "Linex-Magic"]
[WhiteTeamCountry "ESP"]
[BlackTeamCountry "ESP"]

1. e4 e5 2. Nf3 Nc6 3. Bb5 a6 4. Bxc6 dxc6 5. Nc3 f6 6. d4 exd4 7. Nxd4 c5 8.
Nde2 Qxd1+ 9. Nxd1 Be6 10. Bf4 O-O-O 11. Ne3 Ne7 12. h4 g6 13. f3 Bg7 14. Bg3
Rhf8 15. Nf4 Bg8 16. c3 f5 17. O-O Rd2 18. exf5 Rxb2 19. Rac1 Nxf5 20. Nxf5
gxf5 21. Rfe1 Bf6 22. Nh5 Bd8 23. Re5 b6 24. a4 Ra2 25. Rce1 a5 26. Bf4 Bb3 27.
Bg5 Bxa4 28. Ng7 Bd7 29. Bxd8 Rxd8 30. Nxf5 Bxf5 31. Rxf5 Rd7 32. Re8+ Kb7 33.
Rh8 a4 34. Rh5 a3 35. R5xh7 Rxh7 36. Rxh7 Rb2 0-1

[Event "España tch DH-2 2009"]
[Site "Montcada i Reixac ESP"]
[Date "2009.09.16"]
[Round "1.34"]
[White "Cheparinov, Ivan"]
[Black "Cortes Lizano, Jesus"]
[Result "1-0"]
[WhiteElo "2667"]
[BlackElo "2173"]
[PlyCount "29"]
[EventDate "2009.09.16"]
[EventType "team"]
[EventRounds "5"]
[EventCountry "ESP"]
[Source "lmi"]
[SourceDate "2009.09.16"]
[WhiteTeam "Linex-Magic"]
[BlackTeam "C.A. Jaime Casas"]
[WhiteTeamCountry "ESP"]
[BlackTeamCountry "ESP"]

1. e4 c5 2. Nf3 d6 3. d4 Nf6 4. Nc3 cxd4 5. Nxd4 a6 6. Be3 Nbd7 7. g4 d5 8. Qe2
Ne5 9. O-O-O dxe4 10. h3 e6 11. Nxe6 Qxd1+ 12. Qxd1 Bxe6 13. Qd4 Ned7 14. g5
Bc5 15. Qd1 1-0

[Event "España tch DH-2 2009"]
[Site "Montcada i Reixac ESP"]
[Date "2009.09.16"]
[Round "1.35"]
[White "Inglan Bielsa, Fernando"]
[Black "Caruana, Fabiano"]
[Result "0-1"]
[WhiteElo "2099"]
[BlackElo "2662"]
[PlyCount "82"]
[EventDate "2009.09.16"]
[EventType "team"]
[EventRounds "5"]
[EventCountry "ESP"]
[Source "lmi"]
[SourceDate "2009.09.16"]
[WhiteTeam "C.A. Jaime Casas"]
[BlackTeam "Linex-Magic"]
[WhiteTeamCountry "ESP"]
[BlackTeamCountry "ESP"]

1. e4 c5 2. Nf3 d6 3. d4 cxd4 4. Nxd4 Nf6 5. Nc3 Nc6 6. Bg5 e6 7. f4 h6 8. Bh4
Be7 9. Nxc6 bxc6 10. Qf3 d5 11. e5 Nd7 12. Bxe7 Qxe7 13. Qg3 g5 14. Bd3 gxf4
15. Qxf4 Qg5 16. Qf2 Qxe5+ 17. Ne2 Qf6 18. Qg3 Bb7 19. Rf1 Qxb2 20. Kd2 Qe5 21.
Qf2 Rf8 22. Rab1 Qc7 23. Qh4 c5 24. Nf4 Ne5 25. Nxe6 fxe6 26. Rxf8+ Kxf8 27.
Qxh6+ Ke7 28. Qg7+ Kd6 29. Rxb7 Qxg7 30. Rxg7 Rh8 31. Bh7 Rf8 32. h4 Rf4 33. g3
Rf2+ 34. Ke3 Rf3+ 35. Ke2 d4 36. h5 c4 37. h6 Rf6 38. Be4 Rxh6 39. Rxa7 Rh2+
40. Kd1 Ng4 41. Ra5 Nf2+ 0-1

[Event "España tch DH-2 2009"]
[Site "Montcada i Reixac ESP"]
[Date "2009.09.16"]
[Round "1.36"]
[White "Perez Candelario, Manuel"]
[Black "Maza Broto, Pablo"]
[Result "1-0"]
[WhiteElo "2516"]
[BlackElo "1996"]
[PlyCount "41"]
[EventDate "2009.09.16"]
[EventType "team"]
[EventRounds "5"]
[EventCountry "ESP"]
[Source "lmi"]
[SourceDate "2009.09.16"]
[WhiteTeam "Linex-Magic"]
[BlackTeam "C.A. Jaime Casas"]
[WhiteTeamCountry "ESP"]
[BlackTeamCountry "ESP"]

1. Nf3 e6 2. g3 c5 3. Bg2 Nc6 4. O-O d5 5. d4 Nf6 6. c4 dxc4 7. Na3 cxd4 8.
Nxc4 Be7 9. Bf4 O-O 10. Nfe5 Nd5 11. Nxc6 bxc6 12. Qxd4 Nxf4 13. Qxf4 Bd7 14.
Rfd1 Qc8 15. Rac1 Rd8 16. Ne5 Be8 17. Bxc6 Rxd1+ 18. Rxd1 Rb8 19. Bd7 g5 20.
Qf3 Qc2 21. Rd3 1-0

[Event "España tch DH-2 2009"]
[Site "Montcada i Reixac ESP"]
[Date "2009.09.17"]
[Round "2.13"]
[White "Magem Badals, Jordi"]
[Black "Adams, Michael"]
[Result "1/2-1/2"]
[WhiteElo "2553"]
[BlackElo "2682"]
[PlyCount "53"]
[EventDate "2009.09.16"]
[EventType "team"]
[EventRounds "5"]
[EventCountry "ESP"]
[Source "lmi"]
[SourceDate "2009.09.16"]
[WhiteTeam "SCC Sabadell"]
[BlackTeam "Linex - Magic"]

1. e4 e5 2. Nf3 Nc6 3. Bb5 a6 4. Bxc6 dxc6 5. O-O f6 6. d4 Bg4 7. c3 Bd6 8. Be3
Ne7 9. Nbd2 O-O 10. h3 Bh5 11. Qc2 Qd7 12. b4 Kh8 13. Rab1 Rae8 14. Rfe1 exd4
15. Bxd4 Ng6 16. c4 Nf4 17. Rb3 Ne6 18. Ba1 c5 19. b5 Rd8 20. bxa6 bxa6 21. e5
Bg6 22. Qc1 fxe5 23. Bxe5 Nf4 24. Qa3 Qc6 25. Ba1 h6 26. Rbe3 Rf7 27. Ne4
1/2-1/2

[Event "España tch DH-2 2009"]
[Site "Montcada i Reixac ESP"]
[Date "2009.09.17"]
[Round "2.14"]
[White "Cheparinov, Ivan"]
[Black "Almeida Quintana, Omar"]
[Result "1/2-1/2"]
[WhiteElo "2667"]
[BlackElo "2513"]
[PlyCount "127"]
[EventDate "2009.09.16"]
[EventType "team"]
[EventRounds "5"]
[EventCountry "ESP"]
[Source "lmi"]
[SourceDate "2009.09.16"]
[WhiteTeam "Linex - Magic"]
[BlackTeam "SCC Sabadell"]

1. d4 g6 2. c4 Bg7 3. Nf3 d6 4. Nc3 Nf6 5. e4 O-O 6. Be3 Bg4 7. Be2 Nc6 8. O-O
Nd7 9. d5 Bxf3 10. Bxf3 Na5 11. Be2 c5 12. Qd2 Re8 13. f4 e6 14. dxe6 Rxe6 15.
f5 Bxc3 16. Qxc3 Rxe4 17. fxg6 hxg6 18. Bf3 Rxe3 19. Qxe3 Nxc4 20. Qc3 Nce5 21.
Bxb7 Rb8 22. Bd5 Nf6 23. Rad1 Nxd5 24. Rxd5 Qb6 25. b3 c4+ 26. Qd4 cxb3 27.
axb3 Qxd4+ 28. Rxd4 Rxb3 29. Rxd6 Rb7 30. Ra6 Kg7 31. Rfa1 g5 32. Rxa7 Rxa7 33.
Rxa7 Kg6 34. Kf2 Ng4+ 35. Kg3 Ne5 36. Ra6+ f6 37. h3 Kf5 38. Kf2 Nd3+ 39. Ke3
Nf4 40. Kf3 Nd3 41. Ra5+ Kg6 42. Rd5 Nf4 43. Rd4 Ne6 44. Rd6 Ng7 45. g4 Kf7 46.
Rd7+ Kg6 47. Re7 Kh6 48. Ke4 Kg6 49. Kd5 Kh6 50. Kd6 Kg6 51. Ra7 f5 52. Ke7
fxg4 53. hxg4 Nf5+ 54. gxf5+ Kxf5 55. Ra5+ Kf4 56. Kf6 g4 57. Ra4+ Kf3 58. Kf5
g3 59. Ra3+ Kf2 60. Kf4 g2 61. Ra2+ Kg1 62. Ra8 Kf2 63. Ra2+ Kg1 64. Rxg2+
1/2-1/2